=LDR 00000nam 2200000 4500 =001 INLIS000000000041941 =005 20130612151438 =008 ***********************************ind** =035 ##$$0010-061300000041941 =041 ##$$a ind =082 ##$$a 651 72 =090 ##$$a 351 72, Nor n =245 ##$$a Nota keuangan dan rancangan anggaran pendapatan dan belanja negara tahun anggaran 2006 =260 ##$$a [Sa] $b [Sl] =300 ##$$a Vii,165 hlm., Ilus., 28 cm =650 ##$$a ANGGARAN PENDAPATAN DAN BELANJA NEGARA =850 ##$$a NBPNMAT